Companion encyclopedia of theology / (Record no. 33055)

MARC details
000 -LEADER
fixed length control field 03614cam a2200337 a 4500
001 - CONTROL NUMBER
control field 12969476
005 - DATE AND TIME OF LATEST TRANSACTION
control field 20060728194201.0
008 - FIXED-LENGTH DATA ELEMENTS--GENERAL INFORMATION
fixed length control field 021015s1995 enk b 001 0 eng d
010 ## - LIBRARY OF CONGRESS CONTROL NUMBER
LC control number 2002728562
020 ## - INTERNATIONAL STANDARD BOOK NUMBER
International Standard Book Number 0415064473 (alk. paper)
035 ## - SYSTEM CONTROL NUMBER
System control number (OCoLC)ocm33945635
040 ## - CATALOGING SOURCE
Original cataloging agency VQE
Transcribing agency VQE
Modifying agency PGC
-- MRY
-- UKM
-- DLC
042 ## - AUTHENTICATION CODE
Authentication code lccopycat
050 00 - LIBRARY OF CONGRESS CALL NUMBER
Classification number BR118
Item number .C66 1995
082 00 - DEWEY DECIMAL CLASSIFICATION NUMBER
Classification number 230
Edition number 21
245 00 - TITLE STATEMENT
Title Companion encyclopedia of theology /
Statement of responsibility, etc edited by Peter Byrne and Leslie Houlden.
260 ## - PUBLICATION, DISTRIBUTION, ETC. (IMPRINT)
Place of publication, distribution, etc London ;
-- New York :
Name of publisher, distributor, etc Routledge,
Date of publication, distribution, etc 1995.
300 ## - PHYSICAL DESCRIPTION
Extent xxiv, 1092 p. ;
Dimensions 24 cm.
504 ## - BIBLIOGRAPHY, ETC. NOTE
Bibliography, etc Includes bibliographical references and index.
505 0# - FORMATTED CONTENTS NOTE
Formatted contents note The Hebrew Bible / John Barton -- The Hebrew Bible / Gary Gilbert and Alan F. Segal -- The Christian adoption of the Old Testament / G.R. Evans -- The Old Testament / John Rogerson -- The New Testament / Leslie Houlden -- The New Testament / John Muddiman -- The New Testament in theology / Heikkim Räisänen -- The Bible as holy book / Stephen Prickett -- Jesus in history and belief / Leslie Houlden -- The triune God of the Bible and the energence of orthodoxy / Robert L. Wilken -- Christendom / David d'Avray -- The transition to modernity / Alister McGrath -- The Enlightenment / John Kent -- Theology now / Keith Clements -- Christian theology and other faiths / Gavin D'Costa -- Christian theology's dialogue with culture / Frank Burch Brown -- The concept of God / Keith Ward -- The idea of reason / Terence Penelhum -- Natural theology / David A. Pailin -- Religious language / Mark Wynn -- Theology and scientific understanding / Peter Byrne -- Theological anthropology / Roger Trigg --
505 0# - FORMATTED CONTENTS NOTE
Formatted contents note Evil and theology / Stewart Sutherland -- Feminism in the philosophy of religion / Grace Jantzen -- Spirituality and theology / Philip Sheldrake -- Patristic spirituality / Anthony Meredith -- Mysticism and devotion in the Middle Ages / Benedicta Ward -- Religious experience in the era of reform / Rowan Williams -- Theology and spirituality in the nineteenth and twentieth centuries / Terry Tastard -- Religious experience and language / William J. Wainwright -- Spirituality and liberation / Kenneth Leech -- Spirituality and liturgy / Gordon S. Wakefield -- The idea of Christian ethics / James M. Gustafson -- Violence, warfare and peace / Barrie Paskins -- Ethics and the personal life / Helen Oppenheimer -- Theology, wealth and social justice / Jack Mahoney -- Power and the State / Edward Norman -- The pastoral experience / Jack Dominian -- Theology, medicine and health / John Morgan -- Environmental ethics / Stephen Clark --
505 0# - FORMATTED CONTENTS NOTE
Formatted contents note The character and possibility of Christian theology today / John Kent -- Making sense of God / Theodore Jennings -- The figure of Jesus Christ in contemporary Christianity / John Macquarrie -- The Trinity in modern theology / Colin Gunton -- Theology in the narrative mode / Brian Horne -- Theology in the dogmatic mode / Paul Avis -- Theology as praxis / Dan Cohn-Sherbok -- Theology and the future of the Church / Walter Hollenweger.
650 #0 - SUBJECT ADDED ENTRY--TOPICAL TERM
Topical term or geographic name as entry element Theology
General subdivision History
Chronological subdivision 20th century.
700 1# - ADDED ENTRY--PERSONAL NAME
Personal name Byrne, Peter,
Dates associated with a name 1950-
700 1# - ADDED ENTRY--PERSONAL NAME
Personal name Houlden, J. L.
Fuller form of name (James Leslie)
856 42 - ELECTRONIC LOCATION AND ACCESS
Materials specified Publisher description
Uniform Resource Identifier <a href="http://www.loc.gov/catdir/enhancements/fy0648/2002728562-d.html">http://www.loc.gov/catdir/enhancements/fy0648/2002728562-d.html</a>
906 ## - LOCAL DATA ELEMENT F, LDF (RLIN)
a 7
b cbc
c copycat
d 2
e ncip
f 20
g y-gencatlg
942 ## - ADDED ENTRY ELEMENTS (KOHA)
Source of classification or shelving scheme Library of Congress Classification
Item type Book
Holdings
Withdrawn status Lost status Source of classification or shelving scheme Damaged status Not for loan Collection code Home library Current library Shelving location Date acquired Total Checkouts Full call number Barcode Copy number Price effective from Koha item type
    Library of Congress Classification   Not For Loan Reference Bishop Okullu Memorial Library (Limuru Campus) Bishop Okullu Memorial Library (Limuru Campus) Reference 14/11/2011   REF BR118 .C66 1995 029002 1 14/11/2011 Book